Datum a čas kvízu

45 Celkem bodů Celkový počet nahraných bodů na tomto kvízu bez doplňovacích otázek.
2. Pořadí na kvízu Konečné umístění týmu na tomto kvízu.

Zaznamenané odpovědi

# Otázka Odpověď Body Výsledky
1. Který živočich si minulý týden... labuť 1
2. Minulý týden jsme se dozvěděli... C 0
3. 78 dní byla na vrcholu žebříčk... Stranger Things 1
4. Za co hrozí hostům jednoho hot... A 1
5. Hajar Abdelkader z Egypta minu... Tenis 1
6. Téma o městě, které nikdy nesp... Flatiron (Building)/žehlička 1
7. Seřaďte uvedené události od té... 1D 2B 3C 4A 0
8. Jak se jmenuje tato americká h... Beastie Boys; No Sleep till Brooklyn 0
9. Turisté v NYC míří nejen do di... 1A 2D 3C 4B 1
10. Jak se jmenuje fiktivní město,... Gotham (City); Bronx 1